000 00614nam a22001937a 4500
005 20131230162923.0
010 _aB-495001-002
020 _a9788183281843
_c245.00
035 _aB-495001-002
037 _adpl
_bBBB/Ven
082 _aN
100 _aSapru, Abhay Narayan
245 _aIn the Valley of Shadows/
_cby Abhay Narayan Sapru
260 _aWisdom Tree
_bNew Delhi
_c2011
270 _a4779/23, Ansari Road, Darya Ganj
_bNew Delhi
_e110002
300 _a170p.
_c18cm(pbk)
942 _2ddc
_cEN
_hN
_mSAP
999 _c81583
_d81583